[Event "Nevinnomyssk Rating 5th"]
[Site "Nevinnomyssk"]
[Date "2010.09.??"]
[Round "8"]
[White "Galakhov, Sergey"]
[Black "Timoshenko, Igor"]
[Result "0-1"]
[WhiteElo "2214"]
[BlackElo "2266"]
[PlyCount "70"]
[EventDate "2010.09.29"]
[EventType "swiss"]
[EventRounds "9"]
[EventCountry "RUS"]
[SourceTitle "EXT 2013"]
[Source "ChessBase"]
[SourceDate "2012.11.22"]
[SourceVersion "1"]
[SourceVersionDate "2012.11.22"]
[SourceQuality "1"]

1. e4 d5 2. e5 Bf5 3. f4 e6 4. Nf3 Ne7 5. Be2 c5 6. 0-0 Nbc6 7. d3 Ng6 8. c4 dxc4 9. dxc4 Qxd1 10. Rxd1 Be7 11. Nc3 a6 12. Be3 Rc8 13. h3 h5 14. Ng5 Bxg5 15. fxg5 Ncxe5 16. Na4 Nd7 17. Bf3 b5 18. Nc3 bxc4 19. Bb7 Rc7 20. Bxa6 Nge5 21. Nb5 Rc6 22. Nd6+ Ke7 23. Nxf5+ exf5 24. Bb5 Rb6 25. a4 Rhb8 26. Rd5 Ke6 27. Rad1 Rxb5 28. axb5 Nd3 29. Bxc5 Kxd5 30. Be3 Rxb5 31. Rb1 N7c5 32. Bxc5 Kxc5 33. Rf1 g6 34. g4 hxg4 35. hxg4 f4 0-1

[Event "Nevinnomyssk Rating 5th"]
[Site "Nevinnomyssk"]
[Date "2010.09.??"]
[Round "5"]
[White "Steyn, Valery"]
[Black "Timoshenko, Igor"]
[Result "0-1"]
[WhiteElo "2151"]
[BlackElo "2266"]
[PlyCount "103"]
[EventDate "2010.09.29"]
[EventType "swiss"]
[EventRounds "9"]
[EventCountry "RUS"]
[SourceTitle "EXT 2013"]
[Source "ChessBase"]
[SourceDate "2012.11.22"]
[SourceVersion "1"]
[SourceVersionDate "2012.11.22"]
[SourceQuality "1"]

1. e4 c5 2. Nf3 e6 3. c3 d5 4. exd5 Qxd5 5. d4 Nf6 6. Be2 Be7 7. 0-0 Nbd7 8. dxc5 Nxc5 9. Qc2 0-0 10. Nbd2 b6 11. Rd1 Bb7 12. Nb3 Qc6 13. Nbd4 Qc8 14. Bg5 a6 15. c4 Qc7 16. Rac1 Be4 17. Qc3 Bg6 18. Qe3 Rac8 19. Bf4 Qb7 20. Ne5 Be4 21. f3 Bf5 22. Bf1 Bg6 23. Kh1 Rfd8 24. b3 Nh5 25. Nxg6 hxg6 26. Be5 Bf6 27. Kg1 Bxe5 28. Qxe5 Nf6 29. g3 Rd7 30. Be2 Rcd8 31. Kf2 Rd6 32. Qe3 Qc7 33. Nc2 Rxd1 34. Rxd1 Rxd1 35. Bxd1 e5 36. Be2 Qd6 37. Ne1 Ne6 38. Nd3 Nd7 39. f4 f6 40. Bg4 f5 41. fxe5 Qa3 42. Bf3 Qxa2+ 43. Qe2 Qxb3 44. Bd5 Ndf8 45. Nf4 Kf7 46. Nxe6 Nxe6 47. Qe3 Qxe3+ 48. Kxe3 Ke7 49. h4 a5 50. Kd3 Nc5+ 51. Kc3 Nd7 52. Kb3 0-1

[Event "UKR-ch sf op"]
[Site "Alushta"]
[Date "2001.??.??"]
[Round "?"]
[White "Firman, Nazar"]
[Black "Timoshenko, Igor"]
[Result "1/2-1/2"]
[WhiteElo "2476"]
[BlackElo "2263"]
[PlyCount "105"]
[EventDate "2001.04.17"]
[EventType "swiss"]
[EventRounds "9"]
[EventCountry "UKR"]
[SourceTitle "EXT 2003"]
[Source "ChessBase"]
[SourceDate "2002.11.25"]
[SourceVersion "1"]
[SourceVersionDate "2002.11.25"]
[SourceQuality "1"]

1. e4 c5 2. Nf3 Nc6 3. d4 cxd4 4. Nxd4 Nf6 5. Nc3 d6 6. Bg5 e6 7. Qd2 a6 8. 0-0-0 Bd7 9. f4 Be7 10. Nf3 b5 11. Bxf6 gxf6 12. Bd3 Qb6 13. Rhe1 0-0-0 14. Kb1 Kb8 15. Ne2 Rc8 16. f5 Rc7 17. Qh6 Bc8 18. Qg7 Rf8 19. Qxh7 Nb4 20. Nc1 Bb7 21. c3 Nxd3 22. Nxd3 d5 23. exd5 Bxd5 24. fxe6 fxe6 25. Nf4 b4 26. Rxd5 bxc3 27. Qc2 cxb2 28. Rxe6 Qb7 29. Rxe7 Rxe7 30. Qxb2 Rc8 31. Rd3 Qxb2+ 32. Kxb2 Rc4 33. Rb3+ Kc8 34. Rc3 Rxc3 35. Kxc3 Re4 36. Nd3 Re2 37. Nfe1 Rxa2 38. Nc2 Ra5 39. h4 Kd8 40. g4 Ke7 41. h5 Kf8 42. Ne3 Ra3+ 43. Kd4 a5 44. Nc5 a4 45. Ke4 Ra1 46. Kf5 a3 47. Kg6 Re1 48. Nf5 a2 49. h6 a1Q 50. h7 Rh1 51. Ne6+ Ke8 52. Neg7+ Kd7 53. Nh5 1/2-1/2

[Event "UKR-chT 8th"]
[Site "Alushta"]
[Date "2000.04.15"]
[Round "6"]
[White "Timoshenko, Igor"]
[Black "Alexandrova, Olga"]
[Result "1/2-1/2"]
[WhiteElo "2254"]
[BlackElo "2400"]
[PlyCount "122"]
[EventDate "2000.04.10"]
[EventType "team-swiss"]
[EventRounds "9"]
[EventCountry "UKR"]
[SourceTitle "EXT 2019"]
[Source "ChessBase"]
[SourceDate "2018.10.10"]
[SourceVersion "1"]
[SourceVersionDate "2018.10.10"]
[SourceQuality "1"]
[WhiteTeam "Sumy Khimik-Lokomotiv"]
[BlackTeam "Chaika Grandmasters' School"]
[WhiteTeamCountry "UKR"]
[BlackTeamCountry "UKR"]

1. e4 c5 2. Nf3 e6 3. d4 cxd4 4. Nxd4 Nc6 5. Nc3 Qc7 6. g3 a6 7. Bg2 Nf6 8. 0-0 Bc5 9. Nxc6 dxc6 10. Na4 Be7 11. Be3 Nd7 12. c4 b5 13. cxb5 axb5 14. Nc3 0-0 15. Qc2 Ba6 16. Rfd1 Rfd8 17. h3 Rac8 18. Rac1 c5 19. Bf4 Qb6 20. a4 b4 21. a5 Qxa5 22. Ra1 Qb6 23. Na4 Qb5 24. b3 Bf6 25. Ra2 Nb6 26. e5 Be7 27. Rda1 Nd5 28. Nb2 Bb7 29. Ra5 Qc6 30. Nc4 h6 31. h4 Qc7 32. Ra7 Ra8 33. Bxd5 Rxa7 34. Rxa7 Rxd5 35. Na5 Bf8 36. Nxb7 Qb6 37. Qa2 Rd7 38. Qa6 Qxa6 39. Rxa6 Rxb7 40. Rc6 Kh7 41. Be3 Ra7 42. Kg2 h5 43. Kf3 Kg6 44. Ke4 Ra3 45. Rc8 Be7 46. Re8 f5+ 47. exf6 Bxf6 48. Bxc5 Rxb3 49. Rxe6 Rb1 50. Rb6 b3 51. Bd4 b2 52. Bxf6 Re1+ 53. Kf3 b1Q 54. Rxb1 Rxb1 55. Bd4 Rb7 56. Kg2 Kf5 57. Be3 Ke4 58. Bg5 Rb3 59. Be3 Rb7 60. Bg5 Rf7 61. Be3 g6 1/2-1/2

[Event "UKR-chT 8th"]
[Site "Alushta"]
[Date "2000.04.12"]
[Round "3"]
[White "Timoshenko, Igor"]
[Black "Fedorchuk, Sergey A"]
[Result "0-1"]
[WhiteElo "2254"]
[BlackElo "2406"]
[PlyCount "78"]
[EventDate "2000.04.10"]
[EventType "team-swiss"]
[EventRounds "9"]
[EventCountry "UKR"]
[SourceTitle "EXT 2019"]
[Source "ChessBase"]
[SourceDate "2018.10.10"]
[SourceVersion "1"]
[SourceVersionDate "2018.10.10"]
[SourceQuality "1"]
[WhiteTeam "Sumy Khimik-Lokomotiv"]
[BlackTeam "Kiev Mriya Grandmaster School"]
[WhiteTeamCountry "UKR"]
[BlackTeamCountry "UKR"]

1. e4 c5 2. Nf3 d6 3. d4 cxd4 4. Nxd4 Nf6 5. Nc3 a6 6. f4 Qc7 7. a4 Nc6 8. Nf3 Bg4 9. Bd3 e5 10. h3 Bd7 11. 0-0 Be7 12. Qe2 Nb4 13. Nh4 0-0 14. fxe5 dxe5 15. Nf5 Bxf5 16. Rxf5 g6 17. Rf1 Nh5 18. Qf3 Bc5+ 19. Be3 Nf4 20. Kh2 Bxe3 21. Qxe3 Rad8 22. Rad1 Rd6 23. g3 Nfxd3 24. cxd3 Rfd8 25. Qh6 Rxd3 26. Rxd3 Rxd3 27. Rf2 Qd6 28. h4 Qd4 29. Re2 Rf3 30. Kg2 Qd3 31. Qg5 Na2 32. Re1 Nxc3 33. bxc3 Qxc3 34. Re2 h6 35. Qg4 Rf6 36. h5 Qc1 37. hxg6 Qf1+ 38. Kh2 Rxg6 39. Qh5 Rg5 0-1

[Event "UKR-chT"]
[Site "Alushta"]
[Date "1998.??.??"]
[Round "?"]
[White "Timoshenko, Igor"]
[Black "Savchenko, Stanislav"]
[Result "0-1"]
[WhiteElo "2295"]
[BlackElo "2595"]
[PlyCount "80"]
[EventDate "1998.??.??"]
[EventType "team"]
[EventRounds "10"]
[EventCountry "UKR"]
[SourceTitle "EXT 2000"]
[Source "ChessBase"]
[SourceDate "1999.11.16"]
[SourceVersion "1"]
[SourceVersionDate "1999.11.16"]
[SourceQuality "1"]

1. d4 Nf6 2. c4 c5 3. d5 e6 4. Nc3 exd5 5. cxd5 Bd6 6. Bg5 Bc7 7. e4 d6 8. Bd3 0-0 9. Nge2 a6 10. a4 Re8 11. 0-0 Nbd7 12. f4 c4 13. Bxc4 Bb6+ 14. Kh1 Qc7 15. Bd3 Ng4 16. Ng3 Ne3 17. Qh5 Nc5 18. Bb1 Nxf1 19. Nxf1 Nb3 20. Ra3 Qc5 21. Ne2 Qf2 22. Qf3 Qe1 23. f5 Nd4 24. Nxd4 Qxb1 25. Rd3 Bxd4 26. Rxd4 Bd7 27. h3 Rac8 28. Kh2 Qxb2 29. Rd2 Rc2 30. Rxc2 Qxc2 31. Ng3 f6 32. Bf4 Bxa4 33. Bxd6 Qd1 34. Qc3 h5 35. e5 h4 36. exf6 Qxd5 37. f7+ Qxf7 38. Nf1 Qxf5 39. Ne3 Qe4 40. Ng4 Bc6 0-1